2024 Olympics Athletics/Track and Field part 17: Men's 110m Hurdles - Statistics

General Stats
  • This quiz has been taken 8 times
  • The average score is 47 of 93
Answer Stats
Event
Result
Athlete Nationality % Correct
110m Hurdles Final 13,32 Freddie Crittenden Usa
100%
110m Hurdles Semi-Final 13,23 Freddie Crittenden Usa
100%
110m Hurdles Repechage Round 13,42 Freddie Crittenden Usa
100%
110m Hurdles Round 1 18,27 Freddie Crittenden Usa
100%
110m Hurdles Final 12,99 Grant Holloway Usa
100%
110m Hurdles Semi-Final 12,98 Grant Holloway Usa
100%
110m Hurdles Round 1 13,01 Grant Holloway Usa
100%
110m Hurdles Final 13,09 Daniel Roberts Usa
83%
110m Hurdles Semi-Final 13,10 Daniel Roberts Usa
83%
110m Hurdles Round 1 13,43 Daniel Roberts Usa
83%
110m Hurdles Final 13,39 Hansle Parchment Jamaica
83%
110m Hurdles Semi-Final 13,19 (=SB) Hansle Parchment Jamaica
83%
110m Hurdles Round 1 13,43 Hansle Parchment Jamaica
83%
110m Hurdles Repechage Round 14,13 Elie Bacari Belgium
67%
110m Hurdles Round 1 13,66 Elie Bacari Belgium
67%
110m Hurdles Final 13,20 Enrique Llopis Spain
67%
110m Hurdles Semi-Final 13,17 Enrique Llopis Spain
67%
110m Hurdles Round 1 13,28 Enrique Llopis Spain
67%
110m Hurdles Semi-Final 13,36 Michael Obasuyi Belgium
67%
110m Hurdles Round 1 13,41 Michael Obasuyi Belgiu,
67%
110m Hurdles Semi-Final 13,32 (SB) Milan Trajkovic Cyprus
67%
110m Hurdles Round 1 13,43 Milan Trajkovic Cyprus
67%
110m Hurdles Final 13,09 (SB) Rasheed Broadbell Jamaica
67%
110m Hurdles Semi-Final 13,21 Rasheed Broadbell Jamaica
67%
110m Hurdles Round 1 13,42 Rasheed Broadbell Jamaica
67%
110m Hurdles Semi-Final 13,43 Antoine Andrews Bahamas
50%
110m Hurdles Round 1 13,43 Antoine Andrews Bahamas
50%
110m Hurdles Semi-Final 13,35 Asier Martinez Spain
50%
110m Hurdles Repechage Round 13,46 Asier Martinez Spain
50%
110m Hurdles Round 1 13,47 Asier Martinez Spain
50%
110m Hurdles Repechage Round 13,62 Craig Thorne Canada
50%
110m Hurdles Round 1 13,60 Craig Thorne Canada
50%
110m Hurdles Repechage Round 13,71 Damian Czykier Poland
50%
110m Hurdles Round 1 13,99 Damian Czykier Poland
50%
110m Hurdles Semi-Final 13,44 Eduardo Rodrigues Brazil
50%
110m Hurdles Round 1 13,37 Eduardo Rodrigues Brazil
50%
110m Hurdles Repechage Round 13,56 Enzo Diessl Austria
50%
110m Hurdles Round 1 13,63 Enzo Diessl Austria
50%
110m Hurdles Repechage Round 13,63 Jakub Szymanski Poland
50%
110m Hurdles Round 1 13,75 Jakub Szymanski Poland
50%
110m Hurdles Semi-Final 13,43 Jason Joseph Switzerland
50%
110m Hurdles Round 1 13,26 Jason Joseph Switzerland
50%
110m Hurdles Repechage Round DNS John Cabang Phillipines
50%
110m Hurdles Round 1 13,66 John Cabang Phillipines
50%
110m Hurdles Repechage Round 13,73 Krzysztof Kiljan Poland
50%
110m Hurdles Round 1 13,67 Krzysztof Kiljan Poland
50%
110m Hurdles Semi-Final 13,38 Lorenzo Ndele Simonelli Italy
50%
110m Hurdles Round 1 13,27 Lorenzo Ndele Simonelli Italy
50%
110m Hurdles Semi-Final 13,34 Louis Francois Mendy Senegal
50%
110m Hurdles Round 1 13,31 (SB) Louis Francois Mendy Senegal
50%
110m Hurdles Repechage Round 13,95 Martin Saenz de Santa Maria Chile
50%
110m Hurdles Round 1 13,83 Martin Saenz de Santa Maria Chile
50%
110m Hurdles Final 13,21 Rachid Muratake Japan
50%
110m Hurdles Semi-Final 13,26 Rachid Muratake Japan
50%
110m Hurdles Round 1 13,22 Rachid Muratake Japan
50%
110m Hurdles Semi-Final 13,32 Shunsuke Izumiya Japan
50%
110m Hurdles Round 1 13,27 Shunsuke Izumiya Japan
50%
110m Hurdles Semi-Final 13,47 Tade Ojora Uk
50%
110m Hurdles Round 1 13,35 (SB) Tade Ojora Uk
50%
110m Hurdles Repechage Round 13,67 Tayleb Willis Australia
50%
110m Hurdles Round 1 13,63 Tayleb Willis Australia
50%
110m Hurdles Semi-Final 13,52 Wilhem Belocian France
50%
110m Hurdles Repechage Round 13,45 Wilhem Belocian France
50%
110m Hurdles Round 1 13,48 (SB) Wilhem Belocian France
50%
110m Hurdles Repechage Round 13,54 Amine Bouanani Algeria
33%
110m Hurdles Round 1 13,58 Amine Bouanani Algeria
33%
110m Hurdles Repechage Round DQ David Yefremov Kazakhstan
33%
110m Hurdles Round 1 13,88 David Yefremov Kazakhstan
33%
110m Hurdles Repechage Round 13,75 Elmo Lakka Finland
33%
110m Hurdles Round 1 13,84 Elmo Lakka Finland
33%
110m Hurdles Repechage Round 13,55 Manuel Mordi Germany
33%
110m Hurdles Round 1 13,48 Manuel Mordi Germany
33%
110m Hurdles Semi-Final 13,41 Paphael Mohamed France
33%
110m Hurdles Semi-Final 13,87 Rafael Pereira Brazil
33%
110m Hurdles Repechage Round 13,54 Rafael Pereira Brazil
33%
110m Hurdles Round 1 13,47 (SB) Rafael Pereira Brazil
33%
110m Hurdles Repechage Round 13,54 Raphael Mohamed France
33%
110m Hurdles Round 1 13,61 Raphael Mohamed France
33%
110m Hurdles Repechage Round 13,52 Junxi Liu China
17%
110m Hurdles Round 1 13,54 Junxi Liu China
17%
110m Hurdles Final 13,34 Orlando Bennett Jamaica
17%
110m Hurdles Semi-Final 13,09 (PB) Orlando Bennett Jamaica
17%
110m Hurdles Round 1 13,35 Orlando Bennett Jamaica
17%
110m Hurdles Semi-Final 13,34 Sasha Zohya France
17%
110m Hurdles Round 1 13,43 Sasha Zohya France
17%
110m Hurdles Repechage Round 13,45 Shunya Takayama Japan
17%
110m Hurdles Round 1 13,46 Shunya Takayama Japan
17%
110m Hurdles Semi-Final 13,41 Weibo Qin China
17%
110m Hurdles Repechage Round 13,44 Weibo Qin China
17%
110m Hurdles Round 1 13,64 Weibo Qin China
17%
110m Hurdles Round 1 DNF Yaqoub Alyouha Kuwait
17%
110m Hurdles Semi-Final 13,48 Zhuoyi Xu China
17%
110m Hurdles Round 1 13,40 Zhuoyi Xu China
17%
No matching quizzes found
Score Distribution
Percent of People with Each Score
Percentile by Number Answered
Your Score History
You have not taken this quiz